| 000 | 01082nam a2200229Ia 4500 | ||
|---|---|---|---|
| 999 |
_c46909 _d46909 |
||
| 001 | 13762 | ||
| 003 | GE_BSU | ||
| 005 | 20241010114138.0 | ||
| 008 | 181216s2010||||ge |||||||||||||| ||geo|| | ||
| 040 | _cGE_BSU | ||
| 041 | _ageo | ||
| 080 | _a72.071.1(479.22)+721.012(479.22) დ-15 | ||
| 100 |
_aდავითაია, ვახტანგ _915482 |
||
| 245 |
_aპროცესი = Process : _b [ალბომი] / _cვახტანგ დავითაია. |
||
| 264 |
_aთბილისი : _bომეგა თეგი, _c2010. |
||
| 300 |
_a320 გვ. : _bილ. ; _c23 სმ. |
||
| 500 | _aთავფურ., ტექსტი, გარეკანი ქართ. და ინგლ. თავფურცელზე: ავტორის მინაწერი P 33.040/3 | ||
| 653 | _aპროცესი = Process | ||
| 653 | _aქართველი არქიტექტორები | ||
| 653 | _aარქიტექტურულ-სამშენებლო დაპროექტება | ||
| 942 |
_cBK _2udc |
||